Catálogo
 En Linea

Sínodos de Santago de Chile de 1688 y 1763 / | Bernardo Carrasco Saavedra, Manuel de Alday y Aspee. (Registro nro. 41528)

Detalles MARC
000 -CABECERA
campo de control de longitud fija 00830nam a2200181 a 4500
001 - NÚMERO DE CONTROL
campo de control 000042039
005 - FECHA Y HORA DE LA ÚLTIMA TRANSACCIÓN
campo de control 20201002035912.0
008 - DATOS DE LONGITUD FIJA--INFORMACIÓN GENERAL
campo de control de longitud fija 131111s1983 sp 000 0 spa d
020 ## - NÚMERO INTERNACIONAL ESTÁNDAR DEL LIBRO
Número Internacional Estándar del Libro 8460031691
040 ## - FUENTE DE LA CATALOGACIÓN
Centro catalogador/agencia de origen DO-SdBNP
Lengua de catalogación spa
Centro/agencia transcriptor BNPHU
100 1# - ENTRADA PRINCIPAL--NOMBRE DE PERSONA
Nombre de persona Carrasco Saavedra, Bernardo, 1624-1697 .
9 (RLIN) 69019
245 10 - MENCIÓN DE TÍTULO
Título Sínodos de Santago de Chile de 1688 y 1763 /
-- Bernardo Carrasco Saavedra, Manuel de Alday y Aspee.
260 ## - PUBLICACIÓN, DISTRIBUCIÓN, ETC.
Lugar de publicación, distribución, etc. Madrid-Salamanca :
Nombre del editor, distribuidor, etc. Consejo Superior de Investigaciones Científicas, Instituto de Historia de la Teología Española de la Universidad Pontificia de Salamanca,
Fecha de publicación, distribución, etc. 1983.
300 ## - DESCRIPCIÓN FÍSICA
Extensión xx, 424 p. ;
Dimensiones 24 cm.
490 1# - MENCIÓN DE SERIE
Mención de serie Tierra nueva e cielo nuevo ; Sínodos americanos ;
Designación de volumen o secuencia 9
700 1# - PUNTO DE ACCESO ADICIONAL--NOMBRE DE PERSONA
Nombre de persona Alday y Aspee, Manuel de,
Fechas asociadas al nombre 1712-1788.
9 (RLIN) 69020
830 #0 - PUNTO DE ACCESO ADICIONAL DE SERIE-TÍTULO UNIFORME
Título uniforme Tierra nueva e cielo nuevo ; Sínodos americanos
Designación de volumen o secuencia 9
9 (RLIN) 66062
Existencias
Estado de retiro Estado de pérdida Restricciones de uso No para préstamo Código de colección Localización permanente Ubicación/localización actual Ubicación en estantería Fecha de adquisición Número de inventario Total de préstamos Signatura topográfica completa Código de barras Fecha visto por última vez Precio válido a partir de Tipo de ítem Koha
        Monografías: Libros y Folletos General General Orden iniciada 11.11.2013 LF1   42039-10 25.06.2020 25.06.2020 No se presta

Con tecnología Koha